Nursing principles: (Record no. 5557)

MARC details
000 -LEADER
fixed length control field 00629nam a2200217 4500
003 - CONTROL NUMBER IDENTIFIER
control field OSt
005 - DATE AND TIME OF LATEST TRANSACTION
control field 20170215184541.0
008 - FIXED-LENGTH DATA ELEMENTS--GENERAL INFORMATION
fixed length control field 170215b xxu||||| |||| 00| 0 eng d
020 ## - INTERNATIONAL STANDARD BOOK NUMBER
International Standard Book Number 0632018127
040 ## - CATALOGING SOURCE
Transcribing agency 040a
082 ## - DEWEY DECIMAL CLASSIFICATION NUMBER
Classification number WY 195
Item number S61n 1987
100 ## - MAIN ENTRY--PERSONAL NAME
Personal name Snowball, Jan
9 (RLIN) 11594
245 ## - TITLE STATEMENT
Title Nursing principles:
Remainder of title a guide for practice /
Statement of responsibility, etc. Jan Snowball, Wendy H.Green
250 ## - EDITION STATEMENT
Edition statement 2nd.ed.
260 ## - PUBLICATION, DISTRIBUTION, ETC. (IMPRINT)
Place of publication, distribution, etc. Oxford
Name of publisher, distributor, etc. Blackwell Scientific publications
Date of publication, distribution, etc. 1987
300 ## - PHYSICAL DESCRIPTION
Extent xix, 181p;
Other physical details ill. :
Dimensions 10 cm.
504 ## - BIBLIOGRAPHY, ETC. NOTE
Bibliography, etc Includes index
650 ## - SUBJECT ADDED ENTRY--TOPICAL TERM
Topical term or geographic name as entry element Nursing principles
9 (RLIN) 11595
700 ## - ADDED ENTRY--PERSONAL NAME
Personal name Green, Wendy H.
9 (RLIN) 11596
942 ## - ADDED ENTRY ELEMENTS (KOHA)
Source of classification or shelving scheme Other/Generic Classification Scheme
Koha item type Open Shelf
Holdings
Withdrawn status Lost status Source of classification or shelving scheme Damaged status Not for loan Home library Current library Date acquired Source of acquisition Inventory number Total Checkouts Full call number Barcode Date last seen Price effective from Koha item type
    Other/Generic Classification Scheme     MUST Main Library MUST Main Library 15/02/2017   1997/10640   WY 195 S61n 1987 2017-0210 15/02/2017 15/02/2017 Open Shelf